| 000 | 00393nam a2200145Ia 4500 | ||
|---|---|---|---|
| 008 | 231217s9999 xx 000 0 und d | ||
| 041 | _aEnglish | ||
| 082 | _a001.6424C VEN;2 R1 | ||
| 100 | _aVenkateshmurthy, M G | ||
| 245 | 0 | _aProgramming techniques through c : a beginners companion | |
| 260 |
_c2002 _bPearson _aNew Delhi |
||
| 300 | _axii+271 | ||
| 650 | _aProgramming | ||
| 942 | _cAA | ||
| 999 |
_c174761 _d174761 |
||